00661nab a2200193 uc450000100070000000500170000700800410002403500110006503500210007604000130009704100080011024501010011865000220021965000480024165000350028977301160032494200100044099900170045014679520240201125826.0971118e19960401 spa  a146795 a(OCoLC)819757664 ccomduadb aspa10aDosificacion de los productos en la fabricacion de piensos. Visualizar el proceso en tiempo real aAutómatas95724 aProcesamiento de datos en tiempo real96150 aAlimentos para animales9352420 tManutención y Almacenaje (España)gVolumen 31, Número 305, Abril 1996, p. 49-50w104580x0025-2646088836 cARIMP c75291d75291